Popes By Picture (1503-2025) - Statistics

General Stats
  • This quiz has been taken 65 times
  • The average score is 20 of 53
Answer Stats
Picture Answer % Correct
Leo XIV
80%
Francis
77%
John Paul II
75%
Benedict XVI
73%
Paul VI
73%
John Paul I
68%
John XXIII
66%
Pius XII
66%
Leo XIII
64%
Pius III
61%
Pius X
57%
Pius XI
57%
Benedict XV
55%
Julius II
50%
Leo X
50%
Pius IX
48%
Gregory XVI
41%
Paul III
39%
Pius VII
36%
Clement VIII
34%
Pius VIII
34%
Clement VII
32%
Gregory XIII
32%
Adrian VI
30%
Clement XI
30%
Clement XII
30%
Clement XIV
30%
Urban VII
30%
Clement XIII
27%
Innocent XIII
27%
Leo XII
27%
Pius V
27%
Pius VI
27%
Clement IX
25%
Innocent X
25%
Julius III
25%
Paul IV
25%
Pius IV
25%
Benedict XIV
23%
Clement X
23%
Gregory XIV
23%
Innocent IX
23%
Innocent XII
23%
Marcellus II
23%
Sixtus V
23%
Urban VIII
23%
Alexander VII
20%
Benedict XIII
20%
Innocent XI
20%
Leo XI
20%
Paul V
20%
Gregory XV
18%
Alexander VIII
16%
No matching quizzes found
Score Distribution
Percent of People with Each Score
Percentile by Number Answered
Your Score History
You have not taken this quiz